| 000 | 00796nam a2200301Ia 4500 | ||
|---|---|---|---|
| 008 | 160803s9999 xx 000 0 und d | ||
| 020 | _a9780439227148 | ||
| 100 | _aLondon, Jack | ||
| 245 | 4 | _aThe call of the wild / | |
| 245 | _cJack London ; with an introduction by Avi. | ||
| 260 | _aNew York : | ||
| 260 | _bScholastic Inc. | ||
| 260 | _c2000 | ||
| 300 | _a172 pages ; | ||
| 300 | _c18 cm. | ||
| 440 | _aScholastic classics. | ||
| 650 | _aDogs -- | ||
| 650 | _aGold mines and mining -- | ||
| 650 | _aKlondike River Valley (Yukon) -- | ||
| 650 | _aKlondike River Valley (Yukon) -- Gold discoveries -- | ||
| 650 | _aWolves -- | ||
| 650 | _xFiction. | ||
| 650 | _xFiction. | ||
| 650 | _xFiction. | ||
| 650 | _xFiction. | ||
| 650 | _xFiction. | ||
| 700 | _a1120 | ||
| 999 |
_c298495 _d298495 |
||